[Event "6. Open Internacional de Galapagar"]
[Site "Galapagar ESP"]
[Date "2005.07.23"]
[Round "1.1"]
[White "Carrasco Espasandin, Pablo"]
[Black "Moreno Ruiz, Javier"]
[Result "0-1"]
[WhiteElo "1945"]
[BlackElo "2503"]
[PlyCount "50"]
[EventDate "2005.07.23"]
[EventType "swiss"]
[EventRounds "9"]
[EventCountry "ESP"]
[Source "lmi"]
[SourceDate "2005.07.30"]

1. d4 Nf6 2. Nf3 g6 3. Bg5 Bg7 4. c3 O-O 5. Nbd2 d6 6. e4 c5 7. Be2 cxd4 8.
cxd4 h6 9. Bh4 g5 10. Bg3 Nh5 11. O-O Nxg3 12. hxg3 Nc6 13. Nb3 Qb6 14. Rc1 a5
15. a4 Bd7 16. Bb5 Bg4 17. Bxc6 bxc6 18. Qd3 Rab8 19. Nfd2 Be6 20. d5 cxd5 21.
exd5 Bd7 22. Qe4 Rfe8 23. Rb1 e6 24. dxe6 Bxe6 25. Nc1 Ba2 0-1

[Event "6. Open Internacional de Galapagar"]
[Site "Galapagar ESP"]
[Date "2005.07.23"]
[Round "1.2"]
[White "Gonzalez, Yuri"]
[Black "Sanfrutos Lopez, Francisco Javier"]
[Result "1-0"]
[WhiteElo "2495"]
[BlackElo "1944"]
[PlyCount "87"]
[EventDate "2005.07.23"]
[EventType "swiss"]
[EventRounds "9"]
[EventCountry "ESP"]
[Source "lmi"]
[SourceDate "2005.07.30"]

1. e4 c5 2. Nf3 Nc6 3. Nc3 d6 4. d4 cxd4 5. Nxd4 e5 6. Nf3 Nf6 7. Bg5 Be7 8.
Bc4 Na5 9. Bb5+ Nc6 10. Bxf6 Bxf6 11. Nd5 O-O 12. c3 a6 13. Bc4 Be6 14. O-O b5
15. Bb3 Bxd5 16. Qxd5 Ne7 17. Qd3 Qb6 18. Rfd1 Rad8 19. g3 Rd7 20. h4 Nc6 21.
Nh2 Nd8 22. Ng4 Ne6 23. Qf3 Qd8 24. Qf5 Qe7 25. Rd3 Nc5 26. Rf3 Nxb3 27. axb3
Ra8 28. Rd1 Rf8 29. Qh5 Kh8 30. Rxf6 gxf6 31. Qh6 Rg8 32. Nxf6 Rg7 33. Nxd7
Qxd7 34. Rxd6 Qg4 35. Rd8+ Rg8 36. Qf6+ Qg7 37. Rxg8+ Kxg8 38. Qxg7+ Kxg7 39.
Kf1 Kf6 40. Ke2 Ke7 41. Kf3 Kf6 42. Kg4 Kg6 43. h5+ Kf6 44. c4 1-0

[Event "6. Open Internacional de Galapagar"]
[Site "Galapagar ESP"]
[Date "2005.07.23"]
[Round "1.3"]
[White "Santos Rodriguez, Jose"]
[Black "Petkov, Vladimir"]
[Result "0-1"]
[WhiteElo "1937"]
[BlackElo "2475"]
[PlyCount "60"]
[EventDate "2005.07.23"]
[EventType "swiss"]
[EventRounds "9"]
[EventCountry "ESP"]
[Source "lmi"]
[SourceDate "2005.07.30"]

1. d4 Nf6 2. c4 e6 3. Nc3 Bb4 4. e3 O-O 5. Qc2 d5 6. Bd3 c5 7. Nf3 Nc6 8. O-O
dxc4 9. Bxc4 cxd4 10. Rd1 e5 11. exd4 exd4 12. Nb5 Bg4 13. Nbxd4 Qb6 14. Nxc6
Qxc6 15. Qd3 Bc5 16. Bf4 Ne4 17. Bg3 Nxg3 18. hxg3 Qb6 19. Qc2 Rac8 20. Rf1 Bd4
21. Nxd4 Qxd4 22. Rac1 b5 23. Bxf7+ Rxf7 24. Qb3 Rxc1 25. Rxc1 Qxf2+ 26. Kh2 h6
27. Rc7 Bh5 28. Rc8+ Kh7 29. Qd3+ Bg6 30. Qd8 Be4 0-1

[Event "6. Open Internacional de Galapagar"]
[Site "Galapagar ESP"]
[Date "2005.07.23"]
[Round "1.4"]
[White "Almeida Quintana, Omar"]
[Black "Estevez Dorado, Ruben"]
[Result "1-0"]
[WhiteElo "2462"]
[BlackElo "1928"]
[PlyCount "55"]
[EventDate "2005.07.23"]
[EventType "swiss"]
[EventRounds "9"]
[EventCountry "ESP"]
[Source "lmi"]
[SourceDate "2005.07.30"]

1. d4 Nf6 2. Nf3 g6 3. c4 c5 4. d5 b5 5. Nbd2 Bg7 6. e4 d6 7. cxb5 a6 8. a4 Qa5
9. Qc2 Nbd7 10. Ra3 O-O 11. Be2 Ng4 12. O-O Nge5 13. Nxe5 Nxe5 14. f4 Ng4 15.
Bxg4 Bxg4 16. Nc4 Qd8 17. f5 axb5 18. axb5 Rxa3 19. bxa3 Qa8 20. h3 gxf5 21.
hxg4 fxe4 22. Qxe4 Qa4 23. Rf3 Bd4+ 24. Ne3 Qxb5 25. Rh3 f5 26. Qe6+ Kh8 27.
Qg6 Bxe3+ 28. Kh2 1-0

[Event "6. Open Internacional de Galapagar"]
[Site "Galapagar ESP"]
[Date "2005.07.23"]
[Round "1.5"]
[White "Garcia Serrano, Jose Manuel"]
[Black "Escobar Forero, Alder"]
[Result "0-1"]
[WhiteElo "1918"]
[BlackElo "2416"]
[PlyCount "68"]
[EventDate "2005.07.23"]
[EventType "swiss"]
[EventRounds "9"]
[EventCountry "ESP"]
[Source "lmi"]
[SourceDate "2005.07.30"]

1. e4 c5 2. Nf3 Nc6 3. d4 cxd4 4. Nxd4 Nf6 5. Nc3 e5 6. Ndb5 d6 7. Nd5 Nxd5 8.
exd5 Nb8 9. c4 Be7 10. Be2 a6 11. Na3 O-O 12. O-O Nd7 13. Be3 Bg5 14. Qd2 h6
15. b4 f5 16. f4 exf4 17. Bxf4 Bxf4 18. Rxf4 a5 19. b5 Nc5 20. Rff1 Bd7 21. Bf3
Qf6 22. Nc2 Rfe8 23. Nd4 a4 24. Rad1 Kh8 25. Bg4 Re5 26. Kh1 Rae8 27. Qf2 fxg4
28. Qc2 Qg5 29. g3 Re4 30. Rf7 Qe5 31. Qf2 Re1+ 32. Rxe1 Qxe1+ 33. Qxe1 Rxe1+
34. Kg2 Re4 0-1

[Event "6. Open Internacional de Galapagar"]
[Site "Galapagar ESP"]
[Date "2005.07.23"]
[Round "1.6"]
[White "Roa Alonso, Santiago"]
[Black "Alcala Cuesta, Miguel"]
[Result "1-0"]
[WhiteElo "2383"]
[BlackElo "1910"]
[PlyCount "79"]
[EventDate "2005.07.23"]
[EventType "swiss"]
[EventRounds "9"]
[EventCountry "ESP"]
[Source "lmi"]
[SourceDate "2005.07.30"]

1. d4 d5 2. Nf3 Nf6 3. c4 c6 4. Nc3 e6 5. Bg5 h6 6. Bh4 Be7 7. e3 Nbd7 8. cxd5
exd5 9. Qc2 Ng4 10. Bg3 Ngf6 11. h3 O-O 12. Bd3 Re8 13. O-O Bf8 14. Rab1 Qe7
15. b4 a6 16. Na4 Ne4 17. Bh2 Ng5 18. Nd2 Nf6 19. Nb6 Ra7 20. Bb8 Nxh3+ 21.
gxh3 Bxh3 22. Bxa7 Qe6 23. Qd1 Ne4 24. Bxe4 dxe4 25. Qh5 Bg4 26. Qe5 Qg6 27.
Qg3 Bd6 28. Qg2 Qh5 29. f4 Bh3 30. Qh2 Re6 31. Kh1 Bxb4 32. Nbc4 b5 33. f5 Rf6
34. Rxb4 bxc4 35. Rbb1 c3 36. Nxe4 Rxf5 37. Rxf5 Qxf5 38. Qf4 Qh5 39. Ng3 Qd5+
40. Qe4 1-0

[Event "6. Open Internacional de Galapagar"]
[Site "Galapagar ESP"]
[Date "2005.07.23"]
[Round "1.7"]
[White "De Juan Rivas, Antonio"]
[Black "Cruz, Filemon"]
[Result "0-1"]
[WhiteElo "1900"]
[BlackElo "2370"]
[PlyCount "54"]
[EventDate "2005.07.23"]
[EventType "swiss"]
[EventRounds "9"]
[EventCountry "ESP"]
[Source "lmi"]
[SourceDate "2005.07.30"]

1. f4 d5 2. Nf3 g6 3. e3 Bg7 4. Be2 Nf6 5. d3 O-O 6. O-O c5 7. Qe1 Nc6 8. Qh4
Qd6 9. Nc3 Bf5 10. Ng5 h6 11. Nf3 a6 12. Bd1 d4 13. Ne2 dxe3 14. Bxe3 Ng4 15.
Bd2 c4 16. Ng3 Qc5+ 17. d4 Nxd4 18. Kh1 Nxf3 19. gxf3 Bf6 20. Ne4 Bxe4 21. Qxg4
Bf5 22. Qg2 Bxb2 23. Rb1 Bf6 24. Rxb7 c3 25. Be1 Rfd8 26. Bf2 Qc8 27. Rb4 Bh3
0-1

[Event "6. Open Internacional de Galapagar"]
[Site "Galapagar ESP"]
[Date "2005.07.23"]
[Round "1.8"]
[White "Serrano Salvador, Eduardo"]
[Black "Guerrero Villanueva, David"]
[Result "1-0"]
[WhiteElo "2344"]
[BlackElo "1898"]
[PlyCount "60"]
[EventDate "2005.07.23"]
[EventType "swiss"]
[EventRounds "9"]
[EventCountry "ESP"]
[Source "lmi"]
[SourceDate "2005.07.30"]

1. d4 d5 2. c4 e6 3. Nf3 c6 4. Qc2 Nf6 5. e3 Bd6 6. Nc3 O-O 7. Bd3 dxc4 8. Bxc4
Nbd7 9. O-O e5 10. Rd1 Qc7 11. h3 b5 12. Be2 Bb7 13. e4 a6 14. Bg5 Be7 15. Rac1
exd4 16. Nxd4 Bc5 17. Nb3 Ba7 18. Nd5 Qg3 19. Be3 Bxe3 20. Nxe3 Qc7 21. Nd5 Qe5
22. f4 Qb8 23. Ne7+ Kh8 24. e5 Nd5 25. Nxd5 cxd5 26. Qc7 Qa7+ 27. Kh1 Nb6 28.
Na5 Bc8 29. Qd6 Re8 30. Rc7 Qb8 1-0

[Event "6. Open Internacional de Galapagar"]
[Site "Galapagar ESP"]
[Date "2005.07.23"]
[Round "1.9"]
[White "Julian Sierra, Rogelio"]
[Black "Bermejo Collado, Julian"]
[Result "0-1"]
[WhiteElo "1896"]
[BlackElo "2318"]
[PlyCount "80"]
[EventDate "2005.07.23"]
[EventType "swiss"]
[EventRounds "9"]
[EventCountry "ESP"]
[Source "lmi"]
[SourceDate "2005.07.30"]

1. d4 d6 2. Nf3 g6 3. e4 Bg7 4. Nbd2 Nf6 5. Bd3 O-O 6. O-O Nbd7 7. Re1 e5 8. c3
Re8 9. Nf1 c6 10. a4 Qc7 11. Ng3 Nf8 12. h3 b6 13. b3 Ne6 14. Ba3 Nd7 15. Bf1
Bf8 16. dxe5 dxe5 17. Bxf8 Ndxf8 18. Ra2 Nf4 19. Rd2 h6 20. Bc4 a6 21. b4 Bb7
22. Qc1 c5 23. Bd5 Rac8 24. bxc5 bxc5 25. Bxb7 Qxb7 26. Rb2 Qc7 27. Rd1 c4 28.
Qe3 Rb8 29. Rbd2 Kg7 30. Ne1 Red8 31. Ne2 N8e6 32. Kh2 Rxd2 33. Rxd2 Rb1 34.
Nc2 Nd3 35. Na3 Rf1 36. Ng3 Re1 37. Ne2 Nef4 38. g3 Ne6 39. Nxc4 Qxc4 40. Qxd3
Qxd3 0-1

[Event "6. Open Internacional de Galapagar"]
[Site "Galapagar ESP"]
[Date "2005.07.23"]
[Round "1.10"]
[White "Longa Yauca, Javier"]
[Black "Santos Ortigosa, Joaquin"]
[Result "1-0"]
[WhiteElo "2318"]
[BlackElo "1884"]
[PlyCount "93"]
[EventDate "2005.07.23"]
[EventType "swiss"]
[EventRounds "9"]
[EventCountry "ESP"]
[Source "lmi"]
[SourceDate "2005.07.30"]

1. d4 Nf6 2. g3 g6 3. Bg2 d5 4. c4 c6 5. Nc3 Bg7 6. Bg5 dxc4 7. e4 e5 8. dxe5
Qxd1+ 9. Rxd1 Nfd7 10. f4 O-O 11. Be7 Re8 12. Bd6 Na6 13. Nf3 Ndc5 14. O-O Bg4
15. h3 Bxf3 16. Bxf3 Bf8 17. Rd2 Rad8 18. Rfd1 Nd3 19. Bxf8 Kxf8 20. Be2 Nac5
21. b4 Ne6 22. Bxd3 cxd3 23. Rxd3 Ke7 24. f5 Rxd3 25. Rxd3 Nf8 26. Na4 b6 27.
Rd6 Rc8 28. Nb2 Nd7 29. f6+ Kd8 30. e6 fxe6 31. Rxe6 Nf8 32. Re7 Rc7 33. Rg7
Rd7 34. Nc4 Ne6 35. Rg8+ Kc7 36. Ne5 Rd8 37. f7 Rf8 38. Rxf8 Nxf8 39. Kf2 Kd6
40. Ng4 Nd7 41. Ke3 Ke7 42. Nh6 Ne5 43. a4 a5 44. bxa5 bxa5 45. Kd4 Nxf7 46.
Nxf7 Kxf7 47. Kc5 1-0

[Event "6. Open Internacional de Galapagar"]
[Site "Galapagar ESP"]
[Date "2005.07.23"]
[Round "1.11"]
[White "Diaz Begonte, Manuel"]
[Black "Elissalt Cardenas, Hector"]
[Result "0-1"]
[WhiteElo "1882"]
[BlackElo "2317"]
[PlyCount "82"]
[EventDate "2005.07.23"]
[EventType "swiss"]
[EventRounds "9"]
[EventCountry "ESP"]
[Source "lmi"]
[SourceDate "2005.07.30"]

1. e4 e6 2. d4 d5 3. Nd2 a6 4. c3 c5 5. Bd3 cxd4 6. cxd4 Nc6 7. Ne2 dxe4 8.
Nxe4 Nf6 9. O-O Be7 10. Bg5 Nxe4 11. Bxe7 Nxf2 12. Bxd8 Nxd1 13. Raxd1 Nxd8 14.
Nc3 O-O 15. Be4 Bd7 16. d5 Rc8 17. dxe6 Bxe6 18. Nd5 Rc4 19. Ne7+ Kh8 20. Bd5
Rc7 21. Nf5 Bxd5 22. Rxd5 Ne6 23. Rfd1 g6 24. Nd6 Kg8 25. Ne4 Kg7 26. Rd7 Rfc8
27. g3 Rxd7 28. Rxd7 Rc7 29. Rxc7 Nxc7 30. Kf2 f5 31. Nc5 b5 32. Ke3 Kf6 33. a4
bxa4 34. Nxa4 Ke5 35. Nc3 Nd5+ 36. Kd3 Nxc3 37. Kxc3 g5 38. Kd3 f4 39. Ke2 fxg3
40. hxg3 a5 41. Ke3 h5 0-1

[Event "6. Open Internacional de Galapagar"]
[Site "Galapagar ESP"]
[Date "2005.07.23"]
[Round "1.12"]
[White "Almagro Llanas, Pablo"]
[Black "Galan Aguado, Fernando"]
[Result "1-0"]
[WhiteElo "2317"]
[BlackElo "1877"]
[PlyCount "43"]
[EventDate "2005.07.23"]
[EventType "swiss"]
[EventRounds "9"]
[EventCountry "ESP"]
[Source "lmi"]
[SourceDate "2005.07.30"]

1. e4 e6 2. d4 d5 3. Nc3 Nf6 4. Bg5 dxe4 5. Nxe4 Nbd7 6. Nf3 Be7 7. Nxf6+ Nxf6
8. Bd3 h6 9. Bxf6 gxf6 10. Qe2 f5 11. O-O-O Qd6 12. Rhe1 Bd7 13. Ne5 h5 14. d5
exd5 15. Nxd7 Kxd7 16. Bxf5+ Kd8 17. Kb1 c6 18. c4 Bf6 19. cxd5 cxd5 20. Qc4 d4
21. Rc1 Qc6 22. Qxf7 1-0

[Event "6. Open Internacional de Galapagar"]
[Site "Galapagar ESP"]
[Date "2005.07.24"]
[Round "2.1"]
[White "Moreno Ruiz, Javier"]
[Black "Criado De Diego, Pedro"]
[Result "1-0"]
[WhiteElo "2503"]
[BlackElo "2102"]
[PlyCount "83"]
[EventDate "2005.07.23"]
[EventType "swiss"]
[EventRounds "9"]
[EventCountry "ESP"]
[Source "lmi"]
[SourceDate "2005.07.30"]

1. d4 Nf6 2. c4 c5 3. d5 b5 4. cxb5 a6 5. bxa6 Bxa6 6. Nc3 g6 7. g3 d6 8. Bg2
Bg7 9. Nf3 Nbd7 10. Rb1 O-O 11. O-O Qa5 12. Bd2 Rfb8 13. b3 Ng4 14. Qc2 Qc7 15.
h3 Ngf6 16. Rfe1 Nb6 17. e4 Nfd7 18. Bf4 Nc8 19. a4 Qa5 20. Na2 Bb7 21. Bf1 Ba6
22. Bd2 Qb6 23. b4 Bxf1 24. Rxf1 Qa6 25. a5 Na7 26. Rfe1 Nb5 27. bxc5 dxc5 28.
Qa4 Ne5 29. Nxe5 Bxe5 30. Qc4 Nd4 31. Qxa6 Rxa6 32. Rxb8+ Bxb8 33. Re3 c4 34.
Kg2 Bd6 35. e5 Bc7 36. Re4 Nb3 37. Rxc4 Bxe5 38. Bh6 Ra8 39. a6 Bg7 40. Be3 Na5
41. Ra4 Rxa6 42. Nb4 1-0

[Event "6. Open Internacional de Galapagar"]
[Site "Galapagar ESP"]
[Date "2005.07.24"]
[Round "2.2"]
[White "Pascual Palomo, Lucia"]
[Black "Gonzalez, Yuri"]
[Result "0-1"]
[WhiteElo "2095"]
[BlackElo "2495"]
[PlyCount "74"]
[EventDate "2005.07.23"]
[EventType "swiss"]
[EventRounds "9"]
[EventCountry "ESP"]
[Source "lmi"]
[SourceDate "2005.07.30"]

1. e4 c6 2. d4 d5 3. e5 Bf5 4. Nc3 e6 5. g4 Bg6 6. Nge2 f6 7. Nf4 fxe5 8. Nxg6
hxg6 9. dxe5 Nd7 10. Bf4 g5 11. Bg3 Bb4 12. Qd3 Nc5 13. Qd4 Qa5 14. a3 Bxc3+
15. Qxc3 Qxc3+ 16. bxc3 Ne4 17. c4 Nxg3 18. fxg3 Nh6 19. cxd5 exd5 20. Be2 O-O
21. Rf1 Rfe8 22. Kd2 Rxe5 23. Rf2 Rf8 24. Raf1 Rxf2 25. Rxf2 Nf7 26. h4 Nd6 27.
Rf3 Ne4+ 28. Kd3 Re7 29. Bd1 Rf7 30. Ke3 Nc3 31. Kd2 Nxd1 32. Rxf7 Kxf7 33.
Kxd1 Ke6 34. Ke2 Ke5 35. Ke3 c5 36. hxg5 g6 37. Kd3 b5 0-1

[Event "6. Open Internacional de Galapagar"]
[Site "Galapagar ESP"]
[Date "2005.07.24"]
[Round "2.3"]
[White "Petkov, Vladimir"]
[Black "Aziz Ortego, Omar Luis"]
[Result "1-0"]
[WhiteElo "2475"]
[BlackElo "2086"]
[PlyCount "55"]
[EventDate "2005.07.23"]
[EventType "swiss"]
[EventRounds "9"]
[EventCountry "ESP"]
[Source "lmi"]
[SourceDate "2005.07.30"]

1. d4 d5 2. c4 c6 3. Nf3 Nf6 4. Nc3 dxc4 5. a4 Bf5 6. Ne5 e6 7. f3 Bb4 8. g4
Nd5 9. Qd2 Bg6 10. h4 f6 11. Nxg6 hxg6 12. e4 Nb6 13. a5 Nc8 14. Bxc4 Ke7 15.
Ra4 Bxa5 16. Rxa5 b5 17. Ba2 b4 18. Rc5 bxc3 19. bxc3 Qc7 20. Ba3 Qg3+ 21. Qf2
Qxf2+ 22. Kxf2 Kd7 23. d5 exd5 24. exd5 Nb6 25. dxc6+ Nxc6 26. Bb1 Ne5 27. Rd1+
Ke8 28. Rxe5+ 1-0

[Event "6. Open Internacional de Galapagar"]
[Site "Galapagar ESP"]
[Date "2005.07.24"]
[Round "2.4"]
[White "Garcia Chacon, David"]
[Black "Almeida Quintana, Omar"]
[Result "0-1"]
[WhiteElo "2083"]
[BlackElo "2462"]
[PlyCount "56"]
[EventDate "2005.07.23"]
[EventType "swiss"]
[EventRounds "9"]
[EventCountry "ESP"]
[Source "lmi"]
[SourceDate "2005.07.30"]

1. e4 Nf6 2. e5 Nd5 3. d4 d6 4. c4 Nb6 5. f4 dxe5 6. fxe5 Nc6 7. Be3 Bf5 8. Nf3
e6 9. Bd3 Bg4 10. O-O Nxd4 11. Bxd4 Bxf3 12. Qxf3 Qxd4+ 13. Kh1 O-O-O 14. Be4
c6 15. Nc3 Qxe5 16. Rae1 Qc7 17. Qh5 f5 18. Bc2 g6 19. Qe2 e5 20. g4 fxg4 21.
Qxg4+ Kb8 22. Ne4 Bh6 23. c5 Nd5 24. Nd6 Bf4 25. Rf3 Qa5 26. Qg1 Qd2 27. Ba4
Bxh2 28. Qxh2 Qxe1+ 0-1

[Event "6. Open Internacional de Galapagar"]
[Site "Galapagar ESP"]
[Date "2005.07.24"]
[Round "2.5"]
[White "Escobar Forero, Alder"]
[Black "Mazzarelli, Ariel"]
[Result "1-0"]
[WhiteElo "2416"]
[BlackElo "2074"]
[PlyCount "71"]
[EventDate "2005.07.23"]
[EventType "swiss"]
[EventRounds "9"]
[EventCountry "ESP"]
[Source "lmi"]
[SourceDate "2005.07.30"]

1. e4 c5 2. Nf3 Nc6 3. Bb5 e6 4. O-O Nge7 5. Re1 a6 6. Bf1 d5 7. exd5 Nxd5 8.
d4 cxd4 9. Nxd4 Nxd4 10. Qxd4 Qa5 11. c3 Qc5 12. Qg4 h5 13. Qf3 Be7 14. Nd2 Bd7
15. Nb3 Qc7 16. c4 Nf6 17. Bf4 Qc8 18. Be5 Bc6 19. Qf4 b6 20. Rad1 Qb7 21. Nd4
g5 22. Qc1 Rg8 23. Nf5 Ne4 24. Nxe7 Kxe7 25. f3 f6 26. Rxe4 Bxe4 27. Bd4 Kf7
28. fxe4 Qxe4 29. Bd3 Qc6 30. Be2 g4 31. c5 Rad8 32. b4 b5 33. Qe3 Rg5 34. Rf1
Rg6 35. Bd3 f5 36. Bxf5 1-0

[Event "6. Open Internacional de Galapagar"]
[Site "Galapagar ESP"]
[Date "2005.07.24"]
[Round "2.6"]
[White "Valbuena Mota, Alejandro"]
[Black "Roa Alonso, Santiago"]
[Result "0-1"]
[WhiteElo "2072"]
[BlackElo "2383"]
[PlyCount "82"]
[EventDate "2005.07.23"]
[EventType "swiss"]
[EventRounds "9"]
[EventCountry "ESP"]
[Source "lmi"]
[SourceDate "2005.07.30"]

1. d4 Nf6 2. c4 g6 3. Nc3 Bg7 4. e4 d6 5. f3 O-O 6. Be3 Nc6 7. Nge2 a6 8. Qd2
Bd7 9. h4 h5 10. Nc1 e5 11. d5 Nd4 12. Nb3 c5 13. dxc6 bxc6 14. Nxd4 exd4 15.
Bxd4 Re8 16. Be2 Rb8 17. Rd1 Be6 18. O-O c5 19. Be3 Nd7 20. f4 Qxh4 21. Bf2 Qe7
22. f5 gxf5 23. exf5 Bxf5 24. Bxh5 Be6 25. b3 Ne5 26. Ne4 Bg4 27. Bxg4 Nxg4 28.
Rde1 Be5 29. Ng5 Nh2 30. Bh4 Nxf1 31. Rxf1 Bd4+ 32. Kh1 f6 33. Nf3 Qh7 34. g3
Re4 35. Nxd4 Rxd4 36. Qf2 Rf8 37. Kg1 Qg6 38. Qg2 f5 39. Re1 Re8 40. Rf1 Ree4
41. Rf3 Rxh4 0-1

[Event "6. Open Internacional de Galapagar"]
[Site "Galapagar ESP"]
[Date "2005.07.24"]
[Round "2.7"]
[White "Cruz, Filemon"]
[Black "Sotoca Aguado, Jose"]
[Result "1-0"]
[WhiteElo "2370"]
[BlackElo "2054"]
[PlyCount "113"]
[EventDate "2005.07.23"]
[EventType "swiss"]
[EventRounds "9"]
[EventCountry "ESP"]
[Source "lmi"]
[SourceDate "2005.07.30"]

1. d4 Nf6 2. Nf3 d5 3. c4 c6 4. e3 e6 5. Qc2 Nbd7 6. Nc3 Bb4 7. Bd3 h6 8. Bd2
O-O 9. O-O Re8 10. Nxd5 Nxd5 11. cxd5 Bxd2 12. dxe6 Rxe6 13. Qxd2 Nf8 14. Ne5
Rf6 15. Bc4 Be6 16. Qc3 Qe7 17. Rac1 Rd8 18. b4 Ng6 19. f4 Bxc4 20. Qxc4 Nxe5
21. dxe5 Re6 22. Rcd1 Rxd1 23. Rxd1 g6 24. Qc5 Qxc5 25. bxc5 Re7 26. Rd6 Kf8
27. Kf2 Rc7 28. g4 b6 29. Kf3 bxc5 30. h4 Ke7 31. h5 gxh5 32. gxh5 c4 33. Rd4
c3 34. Rc4 c5 35. Ke4 Kd7 36. Kd5 Rc6 37. Rxc3 Ra6 38. a3 Ra5 39. e4 Ra4 40. f5
Rd4+ 41. Kxc5 Rxe4 42. Kd5 Re2 43. Rc4 Rd2+ 44. Rd4 Rf2 45. Ke4+ Kc7 46. Rd6
Re2+ 47. Kf4 Rf2+ 48. Kg4 Rg2+ 49. Kf3 Rg5 50. Rf6 Rxh5 51. Rxf7+ Kd8 52. Ke4
Rh4+ 53. Kd5 Ra4 54. e6 Rxa3 55. f6 Ra5+ 56. Kc4 Ra4+ 57. Kb3 1-0

[Event "6. Open Internacional de Galapagar"]
[Site "Galapagar ESP"]
[Date "2005.07.24"]
[Round "2.8"]
[White "Alonso Cristobo, Luis"]
[Black "Serrano Salvador, Eduardo"]
[Result "0-1"]
[WhiteElo "2050"]
[BlackElo "2344"]
[PlyCount "40"]
[EventDate "2005.07.23"]
[EventType "swiss"]
[EventRounds "9"]
[EventCountry "ESP"]
[Source "lmi"]
[SourceDate "2005.07.30"]

1. e4 c5 2. Nc3 e6 3. g3 Nc6 4. Bg2 g6 5. d3 Bg7 6. Nge2 Nge7 7. O-O a6 8. a4
Rb8 9. f4 d6 10. g4 f5 11. exf5 exf5 12. Nd5 fxg4 13. Nec3 O-O 14. Re1 Kh8 15.
Rb1 Nf5 16. Qxg4 Bd4+ 17. Kh1 Bf2 18. Qe2 Qh4 19. Ne4 Ng3+ 20. Nxg3 Bxg3 0-1

[Event "6. Open Internacional de Galapagar"]
[Site "Galapagar ESP"]
[Date "2005.07.24"]
[Round "2.9"]
[White "Bermejo Collado, Julian"]
[Black "Cabañas Jimenez, Manuel"]
[Result "1-0"]
[WhiteElo "2318"]
[BlackElo "2045"]
[PlyCount "61"]
[EventDate "2005.07.23"]
[EventType "swiss"]
[EventRounds "9"]
[EventCountry "ESP"]
[Source "lmi"]
[SourceDate "2005.07.30"]

1. d4 Nf6 2. Nf3 g6 3. Bf4 Bg7 4. e3 O-O 5. Be2 d5 6. O-O Nbd7 7. h3 Nb6 8.
Nbd2 Bf5 9. Rc1 c6 10. c4 dxc4 11. Nxc4 Be4 12. Nfd2 Bd5 13. Na5 Qd7 14. Nab3
Na4 15. Qc2 Qe6 16. Bd3 Nh5 17. Bh2 Rac8 18. Rfe1 Rfd8 19. Bf1 Qd7 20. Red1 Kh8
21. Nc4 Qe6 22. Nbd2 b5 23. Na5 f5 24. b3 Nb6 25. Nb7 Re8 26. Nc5 Qf7 27. a4
bxa4 28. bxa4 Bh6 29. a5 Na8 30. Rb1 e6 31. Nc4 1-0

[Event "6. Open Internacional de Galapagar"]
[Site "Galapagar ESP"]
[Date "2005.07.24"]
[Round "2.10"]
[White "Longa Yauca, Javier"]
[Black "Del Alamo Jimenez Montill, Elias"]
[Result "1-0"]
[WhiteElo "2318"]
[BlackElo "2034"]
[PlyCount "90"]
[EventDate "2005.07.23"]
[EventType "swiss"]
[EventRounds "9"]
[EventCountry "ESP"]
[Source "lmi"]
[SourceDate "2005.07.30"]

1. Nf3 d5 2. d3 c5 3. g3 Nc6 4. Bg2 e5 5. O-O Be7 6. e4 d4 7. Nbd2 Be6 8. b3
Nf6 9. Nc4 Nd7 10. a4 b6 11. Qe2 a6 12. Bb2 O-O 13. h3 b5 14. axb5 axb5 15.
Rxa8 Qxa8 16. Ra1 Qd8 17. Na3 Qb6 18. Nxe5 Ndxe5 19. f4 f6 20. fxe5 fxe5 21.
Kh2 Bg5 22. Rf1 Rxf1 23. Bxf1 g6 24. h4 Be3 25. Bh3 Na7 26. Bxe6+ Qxe6 27. Kg2
h5 28. Qd1 Qg4 29. Qf3 Qxf3+ 30. Kxf3 Kf7 31. c4 b4 32. Nc2 Bh6 33. g4 Bf4 34.
gxh5 gxh5 35. Bxd4 cxd4 36. Nxb4 Bd2 37. Na6 Nc6 38. Ke2 Bb4 39. Nc7 Be7 40.
Na6 Nb4 41. Nc7 Bxh4 42. Nd5 Nxd5 43. exd5 Be7 44. Kf3 h4 45. Kg4 e4 1-0

[Event "6. Open Internacional de Galapagar"]
[Site "Galapagar ESP"]
[Date "2005.07.24"]
[Round "2.11"]
[White "Elissalt Cardenas, Hector"]
[Black "Menor Villamor, Jose Carlos"]
[Result "1-0"]
[WhiteElo "2317"]
[BlackElo "2034"]
[PlyCount "55"]
[EventDate "2005.07.23"]
[EventType "swiss"]
[EventRounds "9"]
[EventCountry "ESP"]
[Source "lmi"]
[SourceDate "2005.07.30"]

1. c4 Nf6 2. Nc3 g6 3. g3 Bg7 4. Bg2 O-O 5. e4 d6 6. Nge2 e5 7. d3 Nc6 8. h3
Ne8 9. Be3 f5 10. Qd2 Ne7 11. O-O-O a6 12. d4 Be6 13. c5 dxc5 14. dxe5 Qxd2+
15. Rxd2 Bxe5 16. f4 Bxc3 17. Nxc3 fxe4 18. Bxc5 Rf7 19. Nxe4 h6 20. Nc3 c6 21.
Re1 Nc7 22. Rde2 Nf5 23. Rxe6 Nxe6 24. Rxe6 Kg7 25. Be4 Rd8 26. g4 Nh4 27. Be7
Re8 28. Bf6+ 1-0

[Event "6. Open Internacional de Galapagar"]
[Site "Galapagar ESP"]
[Date "2005.07.24"]
[Round "2.21"]
[White "Rubio Mejia, Luis"]
[Black "Sanchez Camacho, Antonio"]
[Result "0-1"]
[WhiteElo "2004"]
[BlackElo "2161"]
[PlyCount "86"]
[EventDate "2005.07.23"]
[EventType "swiss"]
[EventRounds "9"]
[EventCountry "ESP"]
[Source "lmi"]
[SourceDate "2005.07.30"]

1. d4 Nf6 2. c4 c5 3. d5 b5 4. cxb5 a6 5. b6 e6 6. Nc3 Nxd5 7. Nxd5 exd5 8.
Qxd5 Nc6 9. Nf3 Rb8 10. Ne5 Qf6 11. Nxc6 dxc6 12. Qf3 Be7 13. Bd2 O-O 14. Bc3
Qxf3 15. gxf3 Be6 16. Rg1 f6 17. e3 Rxb6 18. a3 c4 19. O-O-O Rb3 20. Rd4 Rfb8
21. Rxc4 Bxa3 22. Rxc6 Rxc3+ 23. Rxc3 Bxb2+ 24. Kc2 Bxc3 25. Kxc3 Rb1 26. Rh1
a5 27. Bg2 Rb3+ 28. Kc2 a4 29. Rb1 Rxb1 30. Kxb1 a3 31. f4 Kf7 32. h4 Ke7 33.
Be4 h6 34. Kc2 Kd6 35. Bd3 Kc5 36. Kc3 a2 37. Kb2 Kb4 38. Be2 a1=Q+ 39. Kxa1
Kc3 40. e4 Kd2 41. Bh5 Ke1 42. e5 Kxf2 43. Bg6 f5 0-1

[Event "6. Open Internacional de Galapagar"]
[Site "Galapagar ESP"]
[Date "2005.07.24"]
[Round "2.22"]
[White "Camarero Izquierdo, Juan Carlos"]
[Black "Estrada Martinez, Cesar"]
[Result "0-1"]
[WhiteElo "1986"]
[BlackElo "2159"]
[PlyCount "69"]
[EventDate "2005.07.23"]
[EventType "swiss"]
[EventRounds "9"]
[EventCountry "ESP"]
[Source "lmi"]
[SourceDate "2005.07.30"]

1. e4 c5 2. Nf3 g6 3. d4 cxd4 4. Nxd4 Nf6 5. Nc3 Nc6 6. Nxc6 dxc6 7. Bd3 Bg7 8.
O-O O-O 9. Kh1 Nd7 10. Qe1 Ne5 11. Bc4 b5 12. Bb3 a5 13. Be3 Nd7 14. a3 Ba6 15.
Nd1 a4 16. Ba2 b4 17. Rg1 bxa3 18. Rb1 axb2 19. Nxb2 a3 20. Nd3 Ne5 21. Nxe5
Bxe5 22. f4 Bg7 23. f5 Qd6 24. Qh4 Qe5 25. Bg5 Rfe8 26. Rgd1 gxf5 27. exf5 Qxf5
28. Bxe7 Be2 29. Re1 Qg4 30. Qxg4 Bxg4 31. Bb4 Be6 32. Bxe6 Rxe6 33. c3 a2 34.
Ra1 Rxe1+ 35. Rxe1 0-1